书目信息 |
| 题名: |
会赚钱的行为经济学
|
|
| 作者: | 陈其一 , 克拉科夫斯基 著 ;王茂斌 , 夏冰 译 | |
| 分册: | ||
| 出版信息: | 北京 机械工业出版社 2011.07 |
|
| 页数: | 15,281页 | |
| 开本: | 25cm | |
| 丛书名: | ||
| 单 册: | ||
| 中图分类: | F069.9 | |
| 科图分类: | ||
| 主题词: | 行为经济学 | |
| 电子资源: | ||
| ISBN: | 978-7-111-35006-4 | |
| 000 | 01308nam0 2200289 450 | |
| 001 | 010010080014 | |
| 005 | 20120628153631.23 | |
| 010 | @a978-7-111-35006-4@dCNY39.00 | |
| 100 | @a20110704d2011 em y0chiy50 ea | |
| 101 | 1 | @achi@ceng |
| 102 | @aCN@b110000 | |
| 105 | @ay z 000yy | |
| 106 | @ar | |
| 200 | 1 | @a会赚钱的行为经济学@9hui zhuan qian de xing wei jing ji xue@dSecrets of the moneylab: how behavioral economics can improve your business@f(美)陈其一(Kay-Yut Chen),(美)玛丽娜·克拉科夫斯基(Marina Krakovsky)著@g王茂斌,夏冰等译@zeng |
| 210 | @a北京@c机械工业出版社@d2011.07 | |
| 215 | @a15,281页@d25cm | |
| 305 | @a由Portfolio, a division of Penguin Group(USA) Inc.通过Andrew Nurnberg Associates International Ltd.授权 | |
| 330 | @a本书主要内容包括:善用不确定性;公平之最;发生在身边的互惠性;跨越有限理性的界限;信誉,信誉,还是信誉;我们应该信任谁等。 | |
| 510 | 1 | @aSecrets of the moneylab: how behavioral economics can improve your business@zeng |
| 606 | 0 | @a行为经济学 |
| 690 | @aF069.9@v4 | |
| 701 | 0 | @c(美)@a陈其一@9chen qi yi@c(Chen, Kay-Yut)@4著 |
| 701 | 0 | @c(美)@a克拉科夫斯基@9ke la ke fu si ji@c(Krakovsky, Marina)@4著 |
| 702 | 0 | @a王茂斌@9wang mao bin@4译 |
| 702 | 0 | @a夏冰@9xia bing@4译 |
| 801 | 0 | @aCN@bRENTIAN@c20110704 |
| 905 | @b541772-75@dF069.9@e103@f4 | |
| 会赚钱的行为经济学=Secrets of the moneylab: how behavioral economics can improve your business/(美)陈其一(Kay-Yut Chen),(美)玛丽娜·克拉科夫斯基(Marina Krakovsky)著/王茂斌,夏冰等译.-北京:机械工业出版社,2011.07 |
| 15,281页;25cm |
| ISBN 978-7-111-35006-4:CNY39.00 |
| 本书主要内容包括:善用不确定性;公平之最;发生在身边的互惠性;跨越有限理性的界限;信誉,信誉,还是信誉;我们应该信任谁等。 |
| ● |
| 相关链接 |
|
|
|
|
正题名:会赚钱的行为经济学
索取号:F069.9/103
 
预约/预借
| 序号 | 登录号 | 条形码 | 馆藏地/架位号 | 状态 | 备注 |
| 1 | 541772 | 205417725 | 第一样本阅览室/ [索取号:F069.9/103] | 在馆 | |
| 2 | 541773 | 205417734 | 第一借阅区/ [索取号:F069.9/103] | 在馆 | |
| 3 | 541774 | 205417743 | 第一借阅区/ [索取号:F069.9/103] | 在馆 | |
| 4 | 541775 | 205417752 | 密集书库-海洋学院/ [索取号:F069.9/103] | 在馆 |